000 01424cab a2200301 4500
001 ABS45427
008 090401t1991 xxu||||| |||| 00| 0 eng d
035 _a(Sirsi) u52867
041 _aeng
245 _aM40 Corridor
260 _c1991
350 _a0
490 _aEstates Times
_v(1170) 15 November 1991, 11-32(21)
520 _aReviews the office, industrial and retail market of towns along the M40 Corridor including Uxbridge. Beaconsfield, High Wycmbe, Oxford, Bicester, Banbury, Redditch and the London Boroughs of Ealing and Hillingdon. Other features include development opportunities along the M40 Corridor and West London including the Paddington Basin and Marylebone, planning, transport and distribution.. Compares office and industrial rental values between towns bordering the M1 and M40. Assesses how motorway development affects peripheral office locations such as Marlow, Bourne End and Princes Risborough. Concludes with a discussion on how the M40 link is an important factor in encouraging relocaton from London.
650 _aACTON
650 _aBANBURY
650 _aBICESTER
650 _aESTATES TIMES SURVEY
650 _aHIGH WYCOMBE
650 _aHILLINGDON
650 _aM40 CORRIDOR
650 _aOXFORD
650 _aPADDINGTON BASIN
650 _aREDDITCH
690 _aPROPERTY-COMMERCIAL PROPERTY-COMMERCIAL PROPERTY MARKET
942 _n0
948 _c04/03/1997
999 _c32633
_d32633